| 000 | 01472nam a2200361 a 4500 | ||
|---|---|---|---|
| 001 | ebr10561967 | ||
| 003 | CaPaEBR | ||
| 006 | m u | ||
| 007 | cr cn||||||||| | ||
| 008 | 120213s2012 nyu sb 001 0 eng d | ||
| 010 | _z 2012002986 | ||
| 020 | _z9780823243242 (cloth : alk. paper) | ||
| 040 |
_aCaPaEBR _cCaPaEBR |
||
| 035 | _a(OCoLC)797844774 | ||
| 043 | _ae-uk-ui | ||
| 050 | 1 | 4 |
_aPR317.S6 _bM43 2012eb |
| 082 | 0 | 4 |
_a821/.109353 _223 |
| 245 | 0 | 0 |
_aMedieval poetics and social practice _h[electronic resource] : _bresponding to the work of Penn R. Szittya / _cedited by Seeta Chaganti. |
| 250 | _a1st ed. | ||
| 260 |
_aNew York : _bFordham University Press, _c2012. |
||
| 300 | _avi, 250 p. | ||
| 490 | 1 | _aFordham series in medieval studies | |
| 504 | _aIncludes bibliographical references and index. | ||
| 533 |
_aElectronic reproduction. _bPalo Alto, Calif. : _cebrary, _d2013. _nAvailable via World Wide Web. _nAccess may be limited to ebrary affiliated libraries. |
||
| 650 | 0 |
_aEnglish poetry _yMiddle English, 1100-1500 _xHistory and criticism. |
|
| 651 | 0 |
_aGreat Britain _xSocial life and customs _y1066-1485. |
|
| 655 | 7 |
_aElectronic books. _2local |
|
| 700 | 1 | _aChaganti, Seeta. | |
| 700 | 1 |
_aSzittya, Penn R., _d1945- |
|
| 710 | 2 | _aebrary, Inc. | |
| 830 | 0 | _aFordham series in medieval studies. | |
| 856 | 4 | 0 |
_uhttp://site.ebrary.com/lib/rucke/Doc?id=10561967 _zAn electronic book accessible through the World Wide Web; click to view |
| 999 |
_c94772 _d94772 |
||